000 01057cam a2200301 i 4500
001 37311
003 Mx-PuUPA
005 20260129141746.0
008 140415s1964 mx gr 000 0 spa d
040 _cMx-PuUPA
_aMx-PuUPA
_bspa
_dMx-PuUPA
_erda
041 0 _aspa
043 _as-ag---
100 1 _aTirado López, Abel,
_eautor
_917797
245 1 0 _aNuestra Guadalupana en Santa Fe, Argentina /
_cAbel Tirado López
264 3 _aCiudad de México :
_bImprenta Venecia,
_c1964
300 _a92 páginas ;
_c23 cm
336 _2rdacontent
_atexto
_btxt
337 _2rdamedia
_asin medio
_bn
338 _2rdacarrier
_avolumen
_bnc
600 0 4 _aVirgen María
650 7 _2armarc
_aPeregrinos y peregrinaciones cristianas
_zArgentina, Santa Fe
_913986
650 7 _2armarc
_aSantuarios,
_zArgentina, Santa Fe
650 7 _2armarc
_aSantuario Nacional de Nuestra Señora de Guadalupe (Santa Fe, Argentina)
651 4 _aArgentina, Santa Fe
942 _2ddc
_cLI
_h263.04282
_iT56
999 _c37311
_d37311